| 000 | 00564nam a2200205Ia 4500 | ||
|---|---|---|---|
| 005 | 20250508151646.0 | ||
| 008 | 008 250505s9999 xx 000 0 eng d | ||
| 037 | _aTextual | ||
| 040 |
_aFEDL _beng _cFEDL |
||
| 041 |
_aeng _2eng |
||
| 084 |
_a330.1, CRE _qFEDL |
||
| 100 | _aCrew Albert | ||
| 245 | 0 | _aEconomics for commercial students and business men | |
| 250 | _a13th | ||
| 260 |
_aLondon, UK _bJordan and Sons, Limited _c1950 |
||
| 300 | _aviii,591p. | ||
| 650 | _aEconomics | ||
| 942 |
_cTEXL _h330.1, CRE |
||
| 999 |
_c1331210 _d1331210 |
||